| 000 | 01122cas a2200301 a 4500 | ||
|---|---|---|---|
| 001 | 9605 | ||
| 003 | BD-RjUL | ||
| 005 | 20211208234815.0 | ||
| 008 | 140121s1975 au x 1 a0eng c | ||
| 030 | _aPPCRDU | ||
| 035 |
_a(BD-RjUL)9650 _a(OCoLC)ocm06030343 |
||
| 040 |
_aTxLT _cTxLT _dOCoLC _dDLC _dOCoLC _dDLC _dNSDP _dNST _dMiU _dOCoLC _dCoU _dBD-RjUL _beng |
||
| 041 | 0 | _aengfrerusspa | |
| 082 | 0 | 4 |
_220 _a539.76 _bFIP 1975 |
| 111 | 2 |
_aConference on Plasma Physics and Controlled Nuclear Fusion Research. _936010 |
|
| 245 | 1 | 0 |
_aPlasma physics and controlled nuclear fusion research / _cConference on Plasma Physics and Controlled Nuclear Fusion Research. |
| 260 |
_aVienna : _bInternational Atomic Energy Agency, _c1975. |
||
| 300 |
_a186 p. : _bill. ; _c30 cm. |
||
| 490 | 1 | _a1961: Supplement / Nuclear Fusion | |
| 490 | 1 | _a1965: Proceedings series | |
| 650 | 0 |
_aPlasma (Ionized gases) _vCongresses. _928377 |
|
| 650 | 0 |
_aControlled fusion _vCongresses. _928378 |
|
| 710 | 2 |
_aInternational Atomic Energy Agency. _920640 |
|
| 942 |
_2ddc _cBK |
||
| 999 |
_c9605 _d9605 |
||